000
00218 a2200097 4500
001
51739
100
_a
Mogavers, L N
245
_a
Methodial Programming in Cobol
260
_a
London
_b
Pitman
_c
090
_c
32722
_d
32722
942
_a
NUST-CAE
_c
M
_c
25250
999
_c
286812
_d
286812